[Event "Dieren op"]
[Site "Dieren"]
[Date "2009.07.23"]
[Round "3"]
[White "Sprangers, Remco"]
[Black "Uthra, P."]
[Result "1-0"]
[WhiteElo "2222"]
[BlackElo "2063"]
[PlyCount "53"]
[EventDate "2009.07.21"]
[EventType "swiss"]
[EventRounds "9"]
[EventCountry "NED"]
[SourceTitle "CBM 131 Extra"]
[Source "ChessBase"]
[SourceDate "2009.09.03"]
[SourceVersion "2"]
[SourceVersionDate "2009.09.16"]
[SourceQuality "1"]

1. e4 c5 2. c3 d5 3. exd5 Qxd5 4. d4 Nc6 5. Nf3 Bg4 6. dxc5 Qxd1+ 7. Kxd1 e5 8. b4 e4 9. h3 Bxf3+ 10. gxf3 exf3 11. Bf4 Nf6 12. Bc4 0-0-0+ 13. Kc2 Nxb4+ 14. cxb4 Rd4 15. Nd2 Rxf4 16. Rhe1 g6 17. Rad1 Bh6 18. Bxf7 Rd8 19. Nc4 Ne4 20. Rxd8+ Kxd8 21. Bd5 Nxf2 22. Nd6 Kd7 23. Re8 Rf6 24. Rb8 Nxh3 25. Rxb7+ Kd8 26. Bc6 Rxd6 27. cxd6 1-0

[Event "Leiden LCT op 3rd"]
[Site "Leiden"]
[Date "2009.07.13"]
[Round "4"]
[White "Erwich, Frank"]
[Black "Uthra, P."]
[Result "1-0"]
[WhiteElo "2319"]
[BlackElo "2063"]
[PlyCount "85"]
[EventDate "2009.07.10"]
[EventType "swiss"]
[EventRounds "9"]
[EventCountry "NED"]
[SourceTitle "CBM 131 Extra"]
[Source "ChessBase"]
[SourceDate "2009.09.03"]
[SourceVersion "2"]
[SourceVersionDate "2009.09.16"]
[SourceQuality "1"]

1. e4 c5 2. Nf3 e6 3. b3 Nc6 4. Bb2 d6 5. Bb5 Bd7 6. 0-0 Nf6 7. Re1 Be7 8. a4 0-0 9. Na3 a6 10. Bf1 Rb8 11. e5 Ng4 12. exd6 Bxd6 13. h3 Nf6 14. Nc4 Be7 15. a5 Nd5 16. Nfe5 Nxe5 17. Bxe5 Ra8 18. Bd3 Bf6 19. Qh5 h6 20. Qg4 Bxe5 21. Nxe5 Nf6 22. Qf3 Qc7 23. g4 Nd5 24. Bc4 Bc6 25. Nxc6 bxc6 26. Ra4 Rad8 27. h4 Ne7 28. g5 f5 29. Bd3 e5 30. Bxa6 Rxd2 31. Qe3 Rxc2 32. Qxe5 Nd5 33. Qxc7 Nxc7 34. Bc4+ Kh7 35. a6 hxg5 36. hxg5 Rd8 37. a7 Na8 38. Bf7 c4 39. Re3 g6 40. Bxc4 Nb6 41. Re7+ Kh8 42. Rb4 Nxc4 43. Rb8 1-0

[Event "Leiden LCT op 3rd"]
[Site "Leiden"]
[Date "2009.07.10"]
[Round "1"]
[White "Uthra, P."]
[Black "Van den Doel, Erik"]
[Result "1/2-1/2"]
[WhiteElo "2063"]
[BlackElo "2590"]
[PlyCount "70"]
[EventDate "2009.07.10"]
[EventType "swiss"]
[EventRounds "9"]
[EventCountry "NED"]
[SourceTitle "CBM 131 Extra"]
[Source "ChessBase"]
[SourceDate "2009.09.03"]
[SourceVersion "2"]
[SourceVersionDate "2009.09.16"]
[SourceQuality "1"]

1. c4 Nf6 2. Nc3 e5 3. g3 Bb4 4. Bg2 0-0 5. e4 Bxc3 6. bxc3 c6 7. Ne2 d5 8. cxd5 cxd5 9. exd5 Nxd5 10. 0-0 Re8 11. Re1 Nc6 12. Bb2 Be6 13. d4 Nb6 14. dxe5 Nc4 15. Qc2 N6xe5 16. Nd4 Bd5 17. Bc1 Rc8 18. Bf4 Bxg2 19. Kxg2 Nc6 20. Rxe8+ Qxe8 21. Nf3 Qe6 22. Re1 Qd5 23. Rd1 Qe6 24. Ng5 Qg6 25. Qxg6 hxg6 26. Rd7 Nd8 27. Bc7 Ne6 28. Nxe6 fxe6 29. Bf4 e5 30. Bc1 Na5 31. Be3 Rxc3 32. Bxa7 Ra3 33. Bb8 Nc6 34. Rxb7 Rxa2 35. Rb5 Nxb8 1/2-1/2

[Event "Asia-ch U20 Girls"]
[Site "Chennai"]
[Date "2008.12.11"]
[Round "6"]
[White "Uthra, P."]
[Black "Meenu, Rajendran"]
[Result "1-0"]
[WhiteElo "2114"]
[BlackElo "1977"]
[PlyCount "153"]
[EventDate "2008.12.05"]
[EventType "swiss"]
[EventRounds "9"]
[EventCountry "IND"]
[SourceTitle "CBM 127 Extra"]
[Source "ChessBase"]
[SourceDate "2009.01.08"]
[SourceVersion "2"]
[SourceVersionDate "2009.01.28"]
[SourceQuality "1"]

1. d4 Nf6 2. c4 e6 3. Nf3 b6 4. g3 Bb4+ 5. Bd2 Bxd2+ 6. Qxd2 Ba6 7. Qc2 0-0 8. Bg2 Bb7 9. Nc3 c5 10. d5 exd5 11. Nh4 Nc6 12. cxd5 Nd4 13. Qd3 a5 14. 0-0 Ba6 15. Qd2 b5 16. Rfe1 b4 17. Na4 b3 18. Nxc5 Nc2 19. Nxb3 Nxa1 20. Nxa1 d6 21. e4 Rb8 22. Nf5 Bc8 23. Nd4 Qb6 24. b3 Bd7 25. Nac2 Rfe8 26. f4 Qc5 27. Kh1 Rbc8 28. a3 Qc3 29. Qxc3 Rxc3 30. e5 dxe5 31. fxe5 Ng4 32. e6 fxe6 33. dxe6 Bxe6 34. Rxe6 Rxe6 35. Bd5 Ne3 36. Bxe6+ Kf8 37. Nxe3 Rxe3 38. Bc4 Ke8 39. Bb5+ Kf8 40. Kg2 Rc3 41. a4 Rc8 42. Nc6 Ra8 43. b4 axb4 44. Nxb4 Ke7 45. a5 Kd6 46. Nc6 Kc5 47. Ba4 Kd6 48. Kf3 Kc5 49. Kg4 Kd6 50. Bd1 Ra6 51. Bf3 Ke6 52. Nd4+ Kf6 53. Nb3 Ke5 54. Be2 Ra7 55. a6 Rc7 56. Na5 Kd6 57. Bf3 Kc5 58. Nc6 Kb6 59. a7 Rc8 60. Kf5 Rf8+ 61. Ke6 Kb7 62. Bd5 Rf2 63. h4 Rf6+ 64. Ke7 Rf2 65. g4 Rf4 66. h5 Rf2 67. Ne5+ Kxa7 68. Bf3 Rc2 69. Kf7 Rc7+ 70. Kg8 h6 71. Nf7 Rc3 72. Be4 Kb6 73. Kxg7 Kc7 74. Nxh6 Kd7 75. Nf7 Rg3 76. Bf5+ Ke7 77. h6 1-0

[Event "Asia-ch U20 Girls"]
[Site "Chennai"]
[Date "2008.12.10"]
[Round "5"]
[White "Thilakawardana, Supeshala"]
[Black "Uthra, P."]
[Result "0-1"]
[WhiteElo "1815"]
[BlackElo "2114"]
[PlyCount "48"]
[EventDate "2008.12.05"]
[EventType "swiss"]
[EventRounds "9"]
[EventCountry "IND"]
[SourceTitle "CBM 127 Extra"]
[Source "ChessBase"]
[SourceDate "2009.01.08"]
[SourceVersion "2"]
[SourceVersionDate "2009.01.28"]
[SourceQuality "1"]

1. d4 c5 2. Nf3 Nf6 3. c3 d5 4. Bf4 Nc6 5. e3 Bg4 6. Be2 e6 7. Nbd2 Be7 8. h3 Bh5 9. g4 Bg6 10. Bb5 Nd7 11. Qa4 Qb6 12. Ne5 Ndxe5 13. Bxe5 0-0 14. 0-0-0 cxd4 15. Bxd4 Nxd4 16. exd4 a6 17. Be2 Qc7 18. a3 b5 19. Qb3 Rfb8 20. Nf3 Qf4+ 21. Rd2 Be4 22. Qd1 b4 23. axb4 Bxb4 24. Ne5 Bxc3 0-1

[Event "Asia-ch U20 Girls"]
[Site "Chennai"]
[Date "2008.12.08"]
[Round "3"]
[White "Aparna, Raja"]
[Black "Uthra, P."]
[Result "0-1"]
[WhiteElo "1753"]
[BlackElo "2114"]
[PlyCount "81"]
[EventDate "2008.12.05"]
[EventType "swiss"]
[EventRounds "9"]
[EventCountry "IND"]
[SourceTitle "CBM 127 Extra"]
[Source "ChessBase"]
[SourceDate "2009.01.08"]
[SourceVersion "2"]
[SourceVersionDate "2009.01.28"]
[SourceQuality "1"]

1. e4 c5 2. Nf3 e6 3. d4 cxd4 4. Nxd4 a6 5. Nc3 Qc7 6. Be3 Nf6 7. Bd3 Bb4 8. Qd2 d5 9. f3 e5 10. exd5 exd4 11. Bxd4 Qe7+ 12. Kf2 0-0 13. Rae1 Bxc3 14. Qxc3 Qd6 15. Bc5 Qd8 16. Bxf8 Qxf8 17. Qd4 b5 18. b3 b4 19. Re2 Qd6 20. Rhe1 Bd7 21. Kg1 Nc6 22. Qh4 Qxd5 23. Bc4 Qc5+ 24. Kf1 h6 25. Qf4 a5 26. h4 Rf8 27. g4 Nh7 28. Rd1 Be6 29. Bxe6 fxe6 30. Qe4 e5 31. Rd5 Qb6 32. Rd6 Rf6 33. Qd5+ Kh8 34. Rxe5 Qa6+ 35. Kg2 Qc8 36. Rxc6 Rxc6 37. Qf7 Rxc2+ 38. Kg3 Nf6 39. g5 Qb8 40. f4 Qa8 41. f5 0-1

[Event "Commonwealth-ch"]
[Site "New Delhi"]
[Date "2007.12.07"]
[Round "7"]
[White "Vaibhav, Khanna"]
[Black "Uthra, P."]
[Result "1/2-1/2"]
[WhiteElo "1864"]
[BlackElo "2055"]
[PlyCount "107"]
[EventDate "2007.12.03"]
[EventType "swiss"]
[EventRounds "10"]
[EventCountry "IND"]
[SourceTitle "CBM 121 Extra"]
[Source "ChessBase"]
[SourceDate "2008.01.10"]
[SourceVersion "1"]
[SourceVersionDate "2008.01.10"]
[SourceQuality "1"]

1. e4 c5 2. c4 Nc6 3. Nc3 g6 4. g3 Bg7 5. Bg2 e5 6. d3 Nge7 7. Be3 d6 8. Qd2 Nd4 9. f4 0-0 10. Nf3 a6 11. 0-0 f5 12. Rac1 Nec6 13. Ng5 h6 14. Nf3 Kh7 15. Rfe1 exf4 16. gxf4 fxe4 17. dxe4 Nxf3+ 18. Bxf3 Nd4 19. Qg2 Qh4 20. Be2 Bd7 21. Qg3 Nxe2+ 22. Rxe2 Qxg3+ 23. hxg3 Bg4 24. Rd2 Rad8 25. Kf2 Rfe8 26. b3 h5 27. Rcc2 b6 28. Nd5 Rxe4 29. Nxb6 Rde8 30. Rd3 Bf5 31. Re2 Bd4 32. Nd5 Kg7 33. Bxd4+ cxd4 34. Rxe4 Rxe4 35. Nb4 a5 36. Nc6 Rxf4+ 37. gxf4 Bxd3 38. Nxd4 Bb1 39. Nc6 a4 40. bxa4 Bxa2 41. Na5 Kf6 42. Ke3 Kf5 43. Nb7 Ke6 44. Kd4 h4 45. a5 h3 46. a6 h2 47. a7 h1Q 48. a8Q Qa1+ 49. Ke3 Qc3+ 50. Kf2 Qxc4 51. Qe8+ Kf6 52. Qf8+ Qf7 53. Qxf7+ Bxf7 54. Nxd6 1/2-1/2

[Event "Commonwealth-ch"]
[Site "New Delhi"]
[Date "2007.12.06"]
[Round "6"]
[White "Uthra, P."]
[Black "Sahu, Sekhar Chandra"]
[Result "0-1"]
[WhiteElo "2055"]
[BlackElo "2250"]
[PlyCount "139"]
[EventDate "2007.12.03"]
[EventType "swiss"]
[EventRounds "10"]
[EventCountry "IND"]
[SourceTitle "CBM 121 Extra"]
[Source "ChessBase"]
[SourceDate "2008.01.10"]
[SourceVersion "1"]
[SourceVersionDate "2008.01.10"]
[SourceQuality "1"]

1. c4 Nf6 2. Nc3 e6 3. e4 c5 4. e5 Ng8 5. d4 cxd4 6. Qxd4 Nc6 7. Qe4 d6 8. Nf3 dxe5 9. Nxe5 Nf6 10. Nxc6 Qb6 11. Qf3 bxc6 12. Bd3 Bb7 13. 0-0 c5 14. Qh3 Be7 15. Re1 Rd8 16. Bc2 Bc6 17. Rb1 Rd4 18. b3 Qb7 19. f4 g6 20. Be3 Rd8 21. Rbd1 0-0 22. Bd3 Qb4 23. Bd2 Qb7 24. Bc1 Rd7 25. Bb2 Rfd8 26. Bc2 Rxd1 27. Rxd1 Rd4 28. Rxd4 cxd4 29. Ne2 Be4 30. Nxd4 Bxc2 31. Nxc2 Qe4 32. Qc3 Qe2 33. h3 e5 34. Qxe5 Qxc2 35. Qxe7 Qxb2 36. Qxa7 Qc1+ 37. Kh2 Qxf4+ 38. Kg1 Qc1+ 39. Kh2 Qc3 40. Qf2 Kg7 41. Qg3 Qd4 42. a4 h5 43. a5 h4 44. Qc7 Ne4 45. Qf4 g5 46. Qf5 f6 47. Qd5 Qxd5 48. cxd5 Nc3 49. b4 Nxd5 50. b5 Nc7 51. b6 Na6 52. Kg1 Kg6 53. Kf2 Kf5 54. Ke3 Ke5 55. Kf3 f5 56. Ke3 Kd5 57. Kf3 Kd4 58. Kf2 Ke4 59. Ke2 Nb8 60. b7 Na6 61. Kf2 Kf4 62. Kf1 Kg3 63. Kg1 Nb8 64. Kh1 f4 65. Kg1 f3 66. gxf3 Kxf3 67. Kh2 Kf2 68. Kh1 Kg3 69. Kg1 Kxh3 70. Kh1 0-1

[Event "Commonwealth-ch"]
[Site "New Delhi"]
[Date "2007.12.05"]
[Round "5"]
[White "Uthra, P."]
[Black "Akshat, Aggarwal"]
[Result "1-0"]
[WhiteElo "2055"]
[BlackElo "1847"]
[PlyCount "91"]
[EventDate "2007.12.03"]
[EventType "swiss"]
[EventRounds "10"]
[EventCountry "IND"]
[SourceTitle "CBM 121 Extra"]
[Source "ChessBase"]
[SourceDate "2008.01.10"]
[SourceVersion "1"]
[SourceVersionDate "2008.01.10"]
[SourceQuality "1"]

1. c4 c6 2. Nc3 d5 3. d4 e6 4. Nf3 dxc4 5. a4 Bb4 6. e3 b5 7. Ne5 Bb7 8. Bd2 Nf6 9. Be2 Qc7 10. 0-0 a6 11. Nxb5 cxb5 12. Bxb4 Nd5 13. Bd2 Nc6 14. Nf3 0-0 15. Qb1 Rfc8 16. Rc1 Qe7 17. b3 cxb3 18. axb5 axb5 19. Rxa8 Rxa8 20. Bxb5 Na7 21. Qxb3 Nxb5 22. Qxb5 h6 23. h3 Rc8 24. Rc5 Nf6 25. Bb4 Qd7 26. Qe2 Ne4 27. Ne5 Qe8 28. Rxc8 Qxc8 29. Qb2 Ba6 30. Ba3 Qb7 31. Qc2 Nf6 32. f3 Qc8 33. Qc5 Nd7 34. Qxc8+ Bxc8 35. Nc6 Bb7 36. Ne7+ Kh7 37. Kf2 g6 38. e4 Kg7 39. d5 exd5 40. exd5 Kf6 41. Ke3 Ke5 42. f4+ Kf6 43. Kd4 h5 44. Nc6 Ba6 45. Ke4 Bf1 46. Bb2+ 1-0

[Event "Commonwealth-ch"]
[Site "New Delhi"]
[Date "2007.12.03"]
[Round "1"]
[White "Reefat, Bin Sattar"]
[Black "Uthra, P."]
[Result "1-0"]
[WhiteElo "2482"]
[BlackElo "2055"]
[PlyCount "59"]
[EventDate "2007.12.03"]
[EventType "swiss"]
[EventRounds "10"]
[EventCountry "IND"]
[SourceTitle "CBM 121 Extra"]
[Source "ChessBase"]
[SourceDate "2008.01.10"]
[SourceVersion "1"]
[SourceVersionDate "2008.01.10"]
[SourceQuality "1"]

1. e4 c5 2. b3 Nc6 3. Bb2 d6 4. Bb5 Nf6 5. Bxc6+ bxc6 6. d3 e5 7. Ne2 g6 8. 0-0 Bg7 9. Qe1 0-0 10. Nd2 Nh5 11. f4 Nxf4 12. Nxf4 exf4 13. Bxg7 Kxg7 14. Rxf4 Qe7 15. Qg3 Bd7 16. Re1 Rae8 17. Nc4 f5 18. Rff1 fxe4 19. Nxd6 Rxf1+ 20. Rxf1 Rf8 21. Rxf8 Kxf8 22. Qf2+ Kg7 23. Qxc5 Qf6 24. Nxe4 Qf7 25. Qe5+ Kf8 26. Qh8+ Ke7 27. Qb8 Qd5 28. Qxa7 Qh5 29. Qxd7+ Kxd7 30. Nf6+ 1-0

[Event "Wch U16 Girls"]
[Site "Kemer"]
[Date "2007.11.22"]
[Round "5"]
[White "Uthra, P."]
[Black "Mitali, Madhukar Patil"]
[Result "0-1"]
[WhiteElo "2055"]
[BlackElo "1878"]
[PlyCount "84"]
[EventDate "2007.11.18"]
[EventType "swiss"]
[EventRounds "11"]
[EventCountry "TUR"]
[SourceTitle "CBM 121 Extra"]
[Source "ChessBase"]
[SourceDate "2008.01.10"]
[SourceVersion "1"]
[SourceVersionDate "2008.01.10"]
[SourceQuality "1"]

1. d4 Nf6 2. c4 g6 3. Nc3 Bg7 4. e4 d6 5. f3 c6 6. Bg5 Nbd7 7. Qd2 a6 8. a4 a5 9. Nh3 0-0 10. Be2 Qc7 11. 0-0 e5 12. dxe5 dxe5 13. Nf2 Nc5 14. Rad1 Ne6 15. Be3 Rd8 16. Qc1 Nd4 17. f4 Bh6 18. fxe5 Bxe3 19. Qxe3 Qxe5 20. Kh1 Bf5 21. Bf3 Be6 22. Nd3 Qc7 23. e5 Ne8 24. c5 Bb3 25. Rd2 Nf5 26. Qf4 Rd4 27. Be4 Rad8 28. Qf3 Neg7 29. g4 Ne7 30. Rdf2 Bc4 31. Rd1 Nd5 32. Bxd5 R8xd5 33. Qe3 Rxd3 34. Rxd3 Rxd3 35. Qf4 Bd5+ 36. Kg1 Ne6 37. Qf6 Nxc5 38. Rc2 Nd7 39. Qe7 Qxe5 40. Qd8+ Kg7 41. Re2 Rd1+ 42. Nxd1 Qxe2 0-1

[Event "IND-ch (Women)"]
[Site "Pune"]
[Date "2007.11.07"]
[Round "2"]
[White "Sangeetha, MR."]
[Black "Uthra, P."]
[Result "1-0"]
[WhiteElo "2118"]
[BlackElo "2055"]
[PlyCount "53"]
[EventDate "2007.11.06"]
[EventType "swiss"]
[EventRounds "11"]
[EventCountry "IND"]
[SourceTitle "EXT 2008"]
[Source "ChessBase"]
[SourceDate "2007.11.25"]
[SourceVersion "1"]
[SourceVersionDate "2007.11.25"]
[SourceQuality "1"]

1. e4 c5 2. Nf3 e6 3. b3 Nc6 4. Bb5 a6 5. Bxc6 dxc6 6. Bb2 Nf6 7. d3 Be7 8. 0-0 0-0 9. Re1 b5 10. Nbd2 Bb7 11. Qe2 Nd7 12. e5 Nb6 13. c4 Qc7 14. Qe4 Rfd8 15. Re3 Rd7 16. a4 bxa4 17. bxa4 a5 18. Qg4 Rdd8 19. Ne4 Kh8 20. Nfg5 Bxg5 21. Qxg5 h6 22. Rh3 Rxd3 23. Rxh6+ Kg8 24. Nf6+ Kf8 25. Rh8+ Ke7 26. Nd5+ Kd7 27. Qe7# 1-0

[Event "Asia-ch U16 Girls"]
[Site "Tashkent"]
[Date "2007.07.05"]
[Round "7"]
[White "Pon, Namasivayam Krithik"]
[Black "Uthra, P."]
[Result "1-0"]
[WhiteElo "2072"]
[BlackElo "2063"]
[PlyCount "68"]
[EventDate "2007.06.28"]
[EventType "swiss"]
[EventRounds "9"]
[EventCountry "UZB"]
[SourceTitle "CBM 119 Extra"]
[Source "ChessBase"]
[SourceDate "2007.09.04"]
[SourceVersion "1"]
[SourceVersionDate "2007.09.04"]
[SourceQuality "1"]

1. e4 c5 2. Nf3 e6 3. d4 cxd4 4. Nxd4 a6 5. Bd3 Nf6 6. 0-0 Qc7 7. Qe2 d6 8. c4 g6 9. Nc3 Bg7 10. Be3 0-0 11. f4 Nbd7 12. Rac1 b6 13. h3 Bb7 14. b4 Rfd8 15. Qf2 Rac8 16. Nb3 Ba8 17. Rfd1 Qb8 18. a4 Bf8 19. g4 d5 20. cxd5 Bxb4 21. Na2 Rxc1 22. Bxc1 Bc5 23. Nxc5 Nxc5 24. Qd4 e5 25. fxe5 Nxd5 26. Bc4 Ne6 27. Qf2 Ndc7 28. Rf1 Rd7 29. Nc3 b5 30. axb5 axb5 31. Nxb5 Qf8 32. Nxc7 Nxc7 33. e6 Nxe6 34. Bxe6 Rc7 1-0

[Event "IND-chB (Women) 34th"]
[Site "Hyderabad"]
[Date "2007.05.21"]
[Round "?"]
[White "Pragna, N."]
[Black "Uthra, P."]
[Result "0-1"]
[WhiteElo "1989"]
[BlackElo "2063"]
[PlyCount "88"]
[EventDate "2007.05.21"]
[EventType "swiss"]
[EventRounds "11"]
[EventCountry "IND"]
[SourceTitle "EXT 2010"]
[Source "ChessBase"]
[SourceDate "2010.11.25"]
[SourceVersion "1"]
[SourceVersionDate "2010.11.25"]
[SourceQuality "1"]

1. d4 c5 2. e3 Nf6 3. Nf3 d5 4. c4 e6 5. Nc3 Nc6 6. a3 cxd4 7. exd4 Be7 8. Bd3 0-0 9. 0-0 dxc4 10. Bxc4 b6 11. Bg5 Bb7 12. Qd3 Na5 13. Ne5 Nxc4 14. Qxc4 Rc8 15. Qd3 Nd5 16. Bxe7 Nxe7 17. Rfd1 Nd5 18. Qg3 Nxc3 19. bxc3 f6 20. Ng4 h5 21. Ne3 Rxc3 22. Rac1 Rxc1 23. Rxc1 Rf7 24. Qh3 Qd6 25. Qxh5 Qxa3 26. Rd1 Qb3 27. d5 exd5 28. Nxd5 Bxd5 29. Rxd5 Rf8 30. h3 Qb1+ 31. Kh2 Qe4 32. Qd1 Qf4+ 33. Kg1 Rc8 34. Rd8+ Rxd8 35. Qxd8+ Kh7 36. Qd3+ Kh6 37. Qd8 Qc1+ 38. Kh2 Qe1 39. f4 Qe4 40. Qb8 a5 41. Qxb6 Qxf4+ 42. Kg1 a4 43. Qa5 Qe3+ 44. Kh2 Qe5+ 0-1

[Event "IND-chB (Women) 34th"]
[Site "Hyderabad"]
[Date "2007.05.21"]
[Round "?"]
[White "Sithalatchumi, A."]
[Black "Uthra, P."]
[Result "0-1"]
[WhiteElo "1916"]
[BlackElo "2063"]
[PlyCount "53"]
[EventDate "2007.05.21"]
[EventType "swiss"]
[EventRounds "11"]
[EventCountry "IND"]
[SourceTitle "EXT 2010"]
[Source "ChessBase"]
[SourceDate "2010.11.25"]
[SourceVersion "1"]
[SourceVersionDate "2010.11.25"]
[SourceQuality "1"]

1. d4 c5 2. e3 Nf6 3. Bd3 g6 4. Nf3 Bg7 5. 0-0 0-0 6. c3 cxd4 7. exd4 d5 8. Ne5 Qb6 9. Nd2 Nc6 10. f4 Nxe5 11. fxe5 Ng4 12. Qb3 Bxe5 13. h3 Bxd4+ 14. cxd4 Qxd4+ 15. Kh1 Nf2+ 16. Rxf2 Qxf2 17. Nf3 Bxh3 18. gxh3 Qxf3+ 19. Kh2 Qf2+ 20. Kh1 Qe1+ 21. Kg2 Rac8 22. Bh6 Qxa1 23. Qb4 Rfd8 24. Qd4 f6 25. h4 Qd1 26. Kh3 Qh1+ 27. Kg3 0-1

[Event "Asia-ch U18 Girls"]
[Site "Bishkek"]
[Date "2006.??.??"]
[Round "5"]
[White "Uthra, P."]
[Black "Hemmatizadeh, Nina"]
[Result "1/2-1/2"]
[WhiteElo "2015"]
[BlackElo "1909"]
[PlyCount "80"]
[EventDate "2006.09.02"]
[EventType "swiss"]
[EventRounds "9"]
[EventCountry "KGZ"]
[SourceTitle "EXT 2007"]
[Source "ChessBase"]
[SourceDate "2006.11.23"]
[SourceVersion "1"]
[SourceVersionDate "2006.11.23"]
[SourceQuality "1"]

1. c4 Nf6 2. Nc3 g6 3. g3 Bg7 4. Bg2 c5 5. e4 d6 6. Nge2 Nc6 7. 0-0 0-0 8. d3 a6 9. f4 e6 10. h3 Rb8 11. g4 Ne7 12. a4 b6 13. Ng3 Qc7 14. g5 Ne8 15. h4 Bd7 16. h5 b5 17. hxg6 fxg6 18. Qg4 bxc4 19. dxc4 Rb4 20. Rf3 Qc8 21. Nge2 Rxc4 22. Qh4 Rf7 23. Rh3 Bd4+ 24. Kh1 Rb4 25. Rd3 Bh8 26. Bh3 Nc6 27. Ng3 Nd4 28. Ra2 c4 29. Rd1 Nb3 30. Be3 Bxc3 31. bxc3 Rxa4 32. Bxe6 Rxa2 33. Bxf7+ Kxf7 34. Qxh7+ Kf8 35. Qxg6 Bg4 36. Qh6+ Ke7 37. Qh7+ Kf8 38. Qh8+ Ke7 39. Qh7+ Kf8 40. Qh8+ Ke7 1/2-1/2